000
00188 a2200097 4500
020
_a
9780439023528
041
_a
eng
100
_a
Collins, suzanne
245
_a
The hunger games
942
_c
BK
999
_c
6692
_d
6692